[Event "Pinneberg-ch 37th"]
[Site "Pinneberg"]
[Date "2019.08.08"]
[Round "1"]
[White "Tiedjens, Jan Peter"]
[Black "Sausmikat, Michael"]
[Result "0-1"]
[WhiteElo "799"]
[BlackElo "1640"]
[PlyCount "52"]
[EventDate "2019.08.08"]
[EventType "swiss"]
[EventRounds "7"]
[EventCountry "GER"]
[SourceTitle "CBM 192 Extra"]
[Source "Chessbase"]
[SourceDate "2019.11.06"]
[SourceVersion "1"]
[SourceVersionDate "2019.11.06"]
[SourceQuality "1"]

1. d4 d5 2. Nf3 Nf6 3. Bf4 e6 4. Nc3 Bd6 5. g3 Bxf4 6. gxf4 0-0 7. e3 Nbd7 8. Bd3 c5 9. Bb5 c4 10. a3 Nb8 11. Ne5 a6 12. Ba4 b5 13. Nxc4 dxc4 14. b3 bxa4 15. Nxa4 Qa5+ 16. b4 Qxa4 17. c3 Qc6 18. Rg1 Bb7 19. Kd2 Ne4+ 20. Kc2 Nxf2 21. Qd2 Qe4+ 22. Kb2 Nd3+ 23. Kc2 Nxb4+ 24. Kb2 Nd3+ 25. Kc2 Bc6 26. Rab1 Ba4+ 0-1

[Event "Pinneberg-ch"]
[Site "Pinneberg"]
[Date "2015.08.28"]
[Round "1"]
[White "Sausmikat, Michael"]
[Black "Tiedjens, Jan Peter"]
[Result "1-0"]
[WhiteElo "1579"]
[BlackElo "785"]
[PlyCount "69"]
[EventDate "2015.08.28"]
[EventType "swiss"]
[EventRounds "7"]
[EventCountry "GER"]
[SourceTitle "EXT 2017"]
[Source "ChessBase"]
[SourceDate "2016.10.25"]
[SourceVersion "1"]
[SourceVersionDate "2016.10.25"]
[SourceQuality "1"]

1. d4 d5 2. c4 c5 3. e3 Be6 4. Nf3 Nc6 5. b3 g6 6. Bb2 Nf6 7. a3 b6 8. Nbd2 Bh6 9. Rc1 0-0 10. cxd5 Bxd5 11. dxc5 bxc5 12. Rxc5 Qd6 13. Rc1 Rac8 14. Ba1 Rb8 15. b4 Rb6 16. Nc4 Bxc4 17. Bxc4 Ne5 18. Bxe5 Qxd1+ 19. Rxd1 Nd7 20. Rxd7 Rc6 21. Rxa7 Rxc4 22. Bb2 Rc2 23. Rxe7 Rxb2 24. Nd4 Rb1+ 25. Ke2 Rg1 26. Rxg1 Rb8 27. Nc6 Rc8 28. b5 Rxc6 29. bxc6 Bf4 30. a4 Bd6 31. Re6 Bc7 32. a5 Kf8 33. a6 fxe6 34. a7 Bxh2 35. Rc1 1-0

[Event "Pinneberg op Seniors 16th"]
[Site "Pinneberg"]
[Date "2015.??.??"]
[Round "1"]
[White "Tiedjens, Jan Peter"]
[Black "Raedisch, Peter"]
[Result "0-1"]
[WhiteElo "1000"]
[BlackElo "1553"]
[PlyCount "44"]
[EventDate "2015.07.02"]
[EventType "swiss"]
[EventRounds "7"]
[EventCountry "GER"]
[SourceTitle "EXT 2017"]
[Source "ChessBase"]
[SourceDate "2016.10.25"]
[SourceVersion "1"]
[SourceVersionDate "2016.10.25"]
[SourceQuality "1"]

1. e4 e5 2. Nf3 Nc6 3. Bc4 Bc5 4. d3 Nf6 5. Nc3 a6 6. Bg5 h6 7. Bxf6 Qxf6 8. 0-0 d6 9. Nd5 Qd8 10. Qd2 Ne7 11. Nxe7 Qxe7 12. b4 Bb6 13. a3 Bg4 14. h3 Bxf3 15. g3 Qg5 16. Qxg5 hxg5 17. Kh2 Ke7 18. g4 Bxg4 19. Rg1 Rxh3+ 20. Kg2 Rah8 21. Rh1 Bf3+ 22. Kf1 Rxh1# 0-1